SNL Cast Members - Statistics

General Stats
  • This quiz has been taken 20,323 times
    7,200 since last reset
  • The average score is 23 of 81
Answer Stats
Years Cast Member % Correct
2000–2006 Tina Fey
81%
2001–2008 Amy Poehler
63%
1995–2002 Will Ferrell
61%
2003– Kenan Thompson
60%
2014– Michael Che
60%
1991–1995 Adam Sandler
57%
1980–1984 Eddie Murphy
55%
2001–2014 Seth Meyers
55%
1998–2004 Jimmy Fallon
53%
1975–1979 John Belushi
52%
1989–1995 Mike Myers
52%
2014– Colin Jost
51%
1975–1979 Dan Aykroyd
51%
2014–2022 Pete Davidson
51%
1990–1995 Chris Farley
48%
1977–1980 Bill Murray
46%
2012–2022 Kate McKinnon
45%
2005–2013 Bill Hader
43%
1990–1996 David Spade
42%
2005–2012 Kristen Wiig
42%
1986–1993 Dana Carvey
41%
2005–2012 Andy Samberg
40%
2014–2019 Leslie Jones
39%
1993–1998 Norm Macdonald
39%
1975–1980 Gilda Radner
36%
2012–2022 Cecily Strong
34%
2020– Punkie Johnson
34%
2000–2007 Maya Rudolph
33%
1975–1980 Jane Curtin
31%
2012–2022 Aidy Bryant
30%
2019– Bowen Yang
30%
1986–1994 Phil Hartman
30%
2002–2013 Fred Armisen
29%
2016– Mikey Day
28%
2005–2013 Jason Sudeikis
26%
1986–1992 Victoria Jackson
26%
1999–2006 Rachel Dratch
25%
1995–2000 Cheri Oteri
24%
1996–2003 Chris Kattan
24%
1995–2001 Molly Shannon
24%
2017– Heidi Gardner
23%
1990–1994 Rob Schneider
23%
1991–2000 Tim Meadows
23%
2019– Chloe Fineman
21%
1985–1991 Dennis Miller
21%
1975–1980 Garrett Morris
21%
1998–2006 Horatio Sanz
21%
2013–2022 Kyle Mooney
21%
2013–2021 Beck Bennett
20%
1986–1995 Kevin Nealon
20%
1975–1980 Laraine Newman
20%
1996–2003 Tracy Morgan
20%
2010–2017 Vanessa Bayer
19%
2008–2017 Bobby Moynihan
18%
2018– Ego Nwodim
18%
2002–2010 Will Forte
18%
1995–2009 Darrell Hammond
17%
2010–2016 Jay Pharoah
17%
2016–2022 Melissa Villaseñor
17%
1979–1980 1985–1995 Al Franken
16%
1996–2002 Ana Gasteyer
16%
1998–2006 Chris Parnell
16%
1985–1990 Jon Lovitz
16%
1985–1991 A. Whitney Brown
15%
1995–2000 Colin Quinn
15%
1980–1984 Joe Piscopo
15%
1977–1980 Tom Davis
15%
2016–2022 Alex Moffat
14%
2010–2016 Taran Killam
14%
2017–2022 Chris Redd
13%
1986–1991 Jan Hooks
13%
2008–2012 Abby Elliott
12%
2020– Andrew Dismukes
12%
2009–2014 Nasim Pedrad
11%
1985–1990 Nora Dunn
10%
1991–1995 Ellen Cleghorne
9%
1990–1994 Julia Sweeney
9%
2014–2017 Sasheer Zamata
9%
1981–1985 Mary Gross
7%
1981–1984 Tim Kazurinsky
7%
1981–1984 Robin Duke
5%
No matching quizzes found
Score Distribution
Percent of People with Each Score
Percentile by Number Answered
Your Score History
You have not taken this quiz since the last reset